000 00510nam a22001817a 4500
005 20251021143349.0
008 251021b |||||||| |||| 00| 0 eng d
037 _cTB
040 _aCRL
_cCRL
041 _2ENG
_aENG
084 _bCRL
100 _aChakravarti, P. C.
_9848976
245 _aPhilosophy of Sanskrit grammar
260 _aCalcutta, India:
_bUniversity of Calcutta,
_c1930.
300 _a345p.
942 _2CC
_cTB
_n0
999 _c1464916
_d1464916